00000000cam 2200000zi 4500
0019.949482
003CaOODSP
00520260114160904
006m     o  d f      
007cr |n|||||||||
008250324t20252025onca    o    f000 0 fre d
020 |a9780660766409
040 |aCaOODSP|bfre|erda|cCaOODSP
043 |an-cn---
0861 |aH129-170/2-2025F-PDF
24500|aNe partez pas en fumée! : |bbatteries au lithium-ion.
264 1|a[Ottawa] : |bSanté Canada = Health Canada, |c[2025]
264 4|c©2025
300 |a1 ressource en ligne (1 page) : |billustration en couleur
336 |atexte|btxt|2rdacontent/fre
337 |ainformatique|bc|2rdamedia/fre
338 |aressource en ligne|bcr|2rdacarrier/fre
500 |aPublié aussi en anglais sous le titre : Don't go up in smoke! : lithium-ion batteries.
500 |aTitre de départ.
500 |a« Pub. : 240978. »
650 6|aBatteries au lithium-ion|xSécurité|xMesures.
7101 |aCanada. |bSanté Canada, |eorganisme de publication.
77508|tDon't go up in smoke! : |w(CaOODSP)9.949480
7760#|tNe partez pas en fumée! : |w(CaOODSP)9.949483
85640|qPDF|s634 Ko|uhttps://publications.gc.ca/collections/collection_2025/sc-hc/H129-170-2-2025-fra.pdf
8564 |qHTML|sS.O.|uhttps://www.canada.ca/fr/sante-canada/services/produits-menagers/securite-piles/ressources/affiche-information-lithium-ion-systemes-batteries-plus-grands.html